Sinh học phát triển thực vật

में बचाया:
ग्रंथसूची विवरण
मुख्य लेखक: Nguyễn Như Khanh
स्वरूप: पुस्तक
प्रकाशित: Hà Nội Giáo dục 2006
संस्करण:Tái bản lần thứ 3
विषय:
टैग : टैग जोड़ें
कोई टैग नहीं, इस रिकॉर्ड को टैग करने वाले पहले व्यक्ति बनें!
Thư viện lưu trữ: Trung tâm Học liệu Lê Vũ Hùng, Trường Đại học Đồng Tháp
LEADER 00763pam a22002538a 4500
001 00043401
005 20181212081225.0
008 110429s2009 ||||||Viesd
020 # # |c 24500 
041 0 # |a Vie 
082 1 4 |a 581.3  |b S312H 
100 0 # |a Nguyễn Như Khanh 
245 0 0 |a Sinh học phát triển thực vật  |c Nguyễn Như Khanh 
250 # # |a Tái bản lần thứ 3 
260 # # |a Hà Nội  |b Giáo dục  |c 2006 
300 # # |a 183 tr.  |c 27 cm. 
653 # # |a Giáo trình 
653 # # |a Phát triển 
653 # # |a Sinh học 
653 # # |a Thực vật 
653 # # |a Tế bào 
852 # # |j KGT.0055205 
910 # # |d 12/12/2018 
980 # # |a Trung tâm Học liệu Lê Vũ Hùng, Trường Đại học Đồng Tháp